| 000 | 00988nem a2200277 u 4500 | ||
|---|---|---|---|
| 005 | 20200104041743.0 | ||
| 008 | 160505b2005 ck ||||| |a|| 00| 0 spa d | ||
| 040 |
_aCO-BoIAVH _cCO-BoIAVH |
||
| 041 | _aspa | ||
| 044 | _ack | ||
| 090 |
_aMC- _b0156 |
||
| 110 | 2 |
_aInstituto de Investigación de recursos biológicos Alexander Von Humboldt. _9204 |
|
| 245 | 1 |
_aMapa cartografía base del municipio la Vega - Cundinamarca y sus alrededores _bProyecto : Construccion y estimación de indicadores de biodiversidad para la jurisdicción de la CAR _h[Material Cartografico] |
|
| 255 | _a1:100.000 | ||
| 260 |
_aBogotá _bIAvH _c2015 |
||
| 300 |
_a1 mapa _bcolor _c1.03 x 92 cm |
||
| 650 | 1 | 6 |
_aHidrografía _95361 |
| 650 | 1 | 6 |
_aCarreteras _967593 |
| 650 | 1 | 6 |
_aGeografía _992259 |
| 650 | 1 | 6 |
_aMunicipios _967595 |
| 650 | 1 | 6 |
_aDepartamentos _916820 |
| 700 | 1 |
_aRodriguez, Nelly _92387 |
|
| 700 | 1 |
_aCabrera, Ederson _94650 |
|
| 710 | 1 |
_aICAR _eFinanciamiento _967596 |
|
| 942 |
_2z _cMapa |
||
| 999 |
_c18492 _d18492 |
||